000 00212 a2200097 4500
001 32722
100 _aMontgomery
245 _aPortraits From Memory
260 _aLondon
_bG A & Unwing
_c
090 _c21921
_d21921
942 _aNUST-CAE
_cM
_c13249
999 _c267795
_d267795